<?xml version="1.0" encoding="UTF-8"?>
<collection xmlns:xsi="http://www.w3.org/2001/XMLSchema-instance" xsi:schemaLocation="http://www.loc.gov/MARC21/slim http://www.loc.gov/standards/marcxml/schema/MARC21slim.xsd" xmlns="http://www.loc.gov/MARC21/slim">
 <record>
  <leader>00000cem a22000003a 4500</leader>
  <controlfield tag="001">UP-1685594773861907051</controlfield>
  <controlfield tag="003">Buklod</controlfield>
  <controlfield tag="005">20130204134433.0</controlfield>
  <controlfield tag="006">g||| |     ||   ||</controlfield>
  <controlfield tag="007">ta</controlfield>
  <controlfield tag="008">130204s1973    xx     d|||||| |  || | ||</controlfield>
  <datafield tag="035" ind1=" " ind2=" ">
   <subfield code="a">(iLib)UPBAG-00009830315</subfield>
  </datafield>
  <datafield tag="090" ind1=" " ind2=" ">
   <subfield code="a">G 4800</subfield>
   <subfield code="b">N35 1973</subfield>
  </datafield>
  <datafield tag="110" ind1="2" ind2=" ">
   <subfield code="a">National Geographic Society (United States).</subfield>
   <subfield code="b">Cartographic Division.</subfield>
  </datafield>
  <datafield tag="245" ind1="1" ind2="0">
   <subfield code="a">Central America [cartographic material]</subfield>
   <subfield code="c">produced by the Cartographic Division [by the] National Geographic Society [for the] National Geographic Magazine, Melvin M. Payne, president ; Melville Bell Grosvenor, editor-in-chief ; Gilbert M. Grosvenor, editor ; William T. Peele, chief cartographer ; David W. Cook, assistant chief cartographer.</subfield>
  </datafield>
  <datafield tag="246" ind1="1" ind2=" ">
   <subfield code="i">Title on verso</subfield>
   <subfield code="a">Mexico.</subfield>
  </datafield>
  <datafield tag="255" ind1=" " ind2=" ">
   <subfield code="a">Scale 1:2,534,000. 40 miles to the in.</subfield>
   <subfield code="b">Albers conical equal-area proj., standard parallels 11°20' and 28°40'</subfield>
   <subfield code="c">(W 94°--W 75°/N 19°--N 7°)</subfield>
  </datafield>
  <datafield tag="255" ind1=" " ind2=" ">
   <subfield code="a">Scale 1:3,803,000. 60 miles to the in.</subfield>
   <subfield code="b">Albers conical equal-area proj., standard parallels 11°20' and 28°40'</subfield>
   <subfield code="c">(W 117°--W 86°/N 33°--N 15°)</subfield>
  </datafield>
  <datafield tag="255" ind1=" " ind2=" ">
   <subfield code="a">Scale 1:3,803,000. 60 miles to the in. ; Albers conical equal-area proj., standard parallels 11°20' and 28°40'(W 117°--W 86°/N 33°--N 15°)</subfield>
  </datafield>
  <datafield tag="264" ind1=" " ind2="1">
   <subfield code="a">Washington, D.C.</subfield>
   <subfield code="b">The Society</subfield>
   <subfield code="c">c1973.</subfield>
  </datafield>
  <datafield tag="300" ind1=" " ind2=" ">
   <subfield code="a">2 maps on 1 sheet</subfield>
   <subfield code="b">both sides, col.</subfield>
   <subfield code="c">both 55 x 83 cm., on sheet 58 x 85 cm., folded to 15 x 22 cm.</subfield>
  </datafield>
  <datafield tag="500" ind1=" " ind2=" ">
   <subfield code="a">&quot;May 1973.&quot;</subfield>
  </datafield>
  <datafield tag="500" ind1=" " ind2=" ">
   <subfield code="a">Scale 1:2,534,000. 40 miles to the in. ; Albers conical equal-area proj., standard parallels 11°20' and 28°40' (W 94°--W 75°/N 19°--N 7°)</subfield>
  </datafield>
  <datafield tag="500" ind1=" " ind2=" ">
   <subfield code="a">Relief shown by shading and spot heights.</subfield>
  </datafield>
  <datafield tag="500" ind1=" " ind2=" ">
   <subfield code="a">Depths shown by gradient tints and soundings.</subfield>
  </datafield>
  <datafield tag="500" ind1=" " ind2=" ">
   <subfield code="a">&quot;Supplement to National Geographic, May 1973, page 638A, vol. 143, no. 5 - Mexico and Central America.&quot;</subfield>
  </datafield>
  <datafield tag="500" ind1=" " ind2=" ">
   <subfield code="a">Includes &quot;Geographical equivalents&quot; and &quot;Abbreviations.&quot;</subfield>
  </datafield>
  <datafield tag="500" ind1=" " ind2=" ">
   <subfield code="a">Map on verso: Mexico.</subfield>
  </datafield>
  <datafield tag="505" ind1="0" ind2=" ">
   <subfield code="a">Central America -- Mexico.</subfield>
  </datafield>
  <datafield tag="630" ind1="0" ind2="0">
   <subfield code="a">Mapas Mexico.</subfield>
  </datafield>
  <datafield tag="651" ind1=" " ind2="0">
   <subfield code="a">Central America</subfield>
   <subfield code="v">Maps.</subfield>
  </datafield>
  <datafield tag="651" ind1=" " ind2="0">
   <subfield code="a">Mexico</subfield>
   <subfield code="v">Maps.</subfield>
  </datafield>
  <datafield tag="700" ind1="1" ind2=" ">
   <subfield code="a">Payne, Melvin M.</subfield>
  </datafield>
  <datafield tag="700" ind1="1" ind2=" ">
   <subfield code="a">Grosvenor, Melville Bell.</subfield>
  </datafield>
  <datafield tag="700" ind1="1" ind2=" ">
   <subfield code="a">Grosvenor, Gilbert M.</subfield>
  </datafield>
  <datafield tag="700" ind1="1" ind2=" ">
   <subfield code="a">Peele, William T.</subfield>
  </datafield>
  <datafield tag="700" ind1="1" ind2=" ">
   <subfield code="a">Cook, David W.</subfield>
   <subfield code="d">1931-.</subfield>
  </datafield>
  <datafield tag="852" ind1="0" ind2=" ">
   <subfield code="a">UPBAG</subfield>
   <subfield code="b">UPBAG-MAIN</subfield>
   <subfield code="h">G 4800 N35 1973</subfield>
  </datafield>
  <datafield tag="942" ind1=" " ind2=" ">
   <subfield code="a">Map</subfield>
  </datafield>
 </record>
</collection>
